000 00452nam a2200181Ia 4500
001 7438
005 20260306160455.0
008 260306t2005||||xx |||||||||||||| ||spa||
041 _aESP
082 _a338.985
_bS312
100 _aSchuldt, Jürgen
_eAUT
245 0 _aBonanza macroeconómica y malestar microeconómico texto impreso
260 _c2005
300 _a502 páginas :
_c
650 _aGEN
654 _aCAN
942 _cLIB
_dJUS
_fJUS
_2ddc
_n
999 _c7438
_d7438